000 00965nam a22002175i 4500
001 169757
003 ES-MaACL
005 20250902085404.0
008 081125s2002 sp |||| | spa d
080 _a619:929 Daubenton, Louis-Jean Marie
100 1 _aKováts, Jenö.
_9138944
245 1 0 _aLouis-Jean Marie Daubenton /
_c[Jenö Kováts] ; traducción del inglés por Olatz Etxaniz Bujanda ; adaptación por José Manuel Etxaniz Makazaga.
260 _aDonostia :
_bReal Sociedad Bascongada de los Amigos del País,
_c2002.
300 _aP. [193]-195 :
_bil. ;
_c21 cm.
500 _aSeparata del : Boletín de la Real Sociedad Bascongada de los Amigos del País. T.LVIII, n 1 (2002)
600 1 4 _aDaubenton, Louis-Jean-Marie,
_d1716-1799
_9126703
700 1 _aEtxaniz Makazaga, José-Manuel.
_9137731
710 2 _aReal Sociedad Bascongada de los Amigos del País
_96366
852 _aES-MaACL
_j2238-F-16
_9R.143249
999 _c169757
_d169757